000 00488nam a2200169 i 4500
001 57908
003 ES-MaACL
005 20230906163658.0
007 t|
008 031020s1924 fr ||||1| fre d
100 1 _aDumanois, Paul.
_945977
245 1 0 _aMoteurs a combustion interne /
_cpar Paul Dumanois ; préface de M. Painlavé.
260 _aParís :
_bJ.B. Baillière,
_c1924.
300 _a517 p. ;
_c24 cm.
700 1 _aPainlevé, M. Paul.
_988329
852 _aES-MaACL
_jB-12202
999 _c57908
_d57908